000 00487nam a22001697a 4500
005 20251108164342.0
008 250721s1980 xx 000 0 ara d
082 1 4 _a398.209564/تود
100 1 _aعبد الهادي، تودد
245 1 0 _aخراريف شعبية /
264 1 _aبيروت :
_bدار ابن رشد للطباعة و النشر،
_c1980.
300 _a286ص
650 1 7 _aالأدب الشعبي
650 1 7 _aفلسطين
942 _2ddc
_cBK
999 _c10042
_d10042